000 00208 a2200109 4500
020 _a1572574674
041 _aspa
100 _aShaw, Peter
245 _aDesayuno del Gigante
942 _cBK
999 _c29675
_d29673
999 _d29673